| 000 | 01458nam a2200349 c 4500 | ||
|---|---|---|---|
| 003 | BLK | ||
| 005 | 20240822174859.0 | ||
| 008 | 180412b bul|||||r ||||||| ||bul|| | ||
| 010 | _aKNG00012818000 | ||
| 020 |
_a954-8415-37-2 _bиздат.: Делакорт |
||
| 040 | _aBLK | ||
| 041 |
_aBUL _cBUL |
||
| 080 |
_aАмериканска литература (на САЩ) _b821.111(73) _x-322.4 _z821.111(73)-322.4 |
||
| 100 | 1 |
_aБредбъри, Рей Дъглас _eпърви автор _9364486 |
|
| 700 | 1 |
_aПопхристов, Григор _eпрев. от англ. _9242600 |
|
| 700 | 1 |
_aГерманов, Владимир _eпрев. от англ. _9363432 |
|
| 139 |
_aБредбъри, Рей _bБ 80 |
||
| 245 | 1 | 0 |
_aКарнавал на трупове _bРазкази _cРей Дъглас Бредбъри; прев. от англ. Григор Попхристов; прев. от англ. Владимир Германов. |
| 257 | _aUSA | ||
| 260 |
_аСофия _bДелакорт _c1996 _fХасково : Полиграфюг |
||
| 300 |
_a176 с. _c20 см |
||
| 380 | _aX | ||
| 500 | _aОриг. загл. Corpse Carnival / Ray Bradbury. - 1 000 тир. | ||
| 653 | _aхорър | ||
| 653 | _aразкази | ||
| 852 | _aЦб 189272 | ||
| 856 | 4 |
_qpdf _u |
|
| 856 | 4 |
_qpdf _u |
|
| 942 |
_cKNG _n0 _03 |
||
| 944 |
_aCR _c15.01.2003 _lЦветомила Тодорова _k30576 |
||
| 944 |
_aED _c21.11.2011 _lф / _k |
||
| 999 |
_c11284 _d11284 |
||